Súčasné problémy privatizácie železníc v Európe

Perspektíva železníc - budovanie európskej vysokorýchlostnej siete. Deficit železníc. Dotácie a subvencie sú veľkou záťažou pre štát. Ciele a podstata privatizácie železníc.

Salvato in:
Dettagli Bibliografici
Autore principale: Hreusík, Stanislav
Natura: Capitolo di libro
Lingua:slovacco
Soggetti:
Tags: Aggiungi Tag
Nessun Tag, puoi essere il primo ad aggiungerne!!

MARC

LEADER 00000naa a2200000 4500
001 r019299
005 20221205101729.7
041 0 |a slo 
044 |a SK 
245 1 0 |a Súčasné problémy privatizácie železníc v Európe  |c Stanislav Hreusík 
520 |a Perspektíva železníc - budovanie európskej vysokorýchlostnej siete. Deficit železníc. Dotácie a subvencie sú veľkou záťažou pre štát. Ciele a podstata privatizácie železníc. 
610 2 0 |a doprava železničná 
610 2 0 |a privatizácia 
610 2 0 |a Európa 
610 2 0 |a subvencie 
610 2 0 |a štát 
610 2 0 |a transformácia 
100 1 |a Hreusík, Stanislav